000 00563nam a22002297a 4500
003 UA-OsUOA
001 67384
007 ta
008 20100222b un ||||| |||| 00| 0 ukr d
090 _a821.161.1
_bС81
942 _cBK
040 _aUA-OsUOA
_brus
_cUA-OsUOA
_dUA-OsUOA
245 _aСто великих тайн Второй мировой
_cНепомнящий Н.
300 _a480 с.
955 _a3
041 _arus
080 _a821.161.1
020 _a5-9533-0572-9
260 _aМ.
_bВече
_c2006
650 7 _2UDC
999 _c353767
_d353767